Children and young people's nursing: principles for practice (Record no. 30966)

MARC details
000 -LEADER
fixed length control field 00732nam a2200181 a 4500
008 - FIXED-LENGTH DATA ELEMENTS--GENERAL INFORMATION
fixed length control field 120228s2011 ||||||||||||||||| || u
020 ## - INTERNATIONAL STANDARD BOOK NUMBER
International Standard Book Number 9781444107845
050 ## - LIBRARY OF CONGRESS CALL NUMBER
Classification number RJ 245 Chi
100 ## - MAIN ENTRY--PERSONAL NAME
Personal name Davies, Alyson
245 10 - TITLE STATEMENT
Title Children and young people's nursing: principles for practice
Statement of responsibility, etc. edited by Ruth Davies and Alyson Davies
260 ## - PUBLICATION, DISTRIBUTION, ETC.
Place of publication, distribution, etc. London:
Name of publisher, distributor, etc. Hodder and Stoughton
Date of publication, distribution, etc. 2011
300 ## - PHYSICAL DESCRIPTION
Extent xvi, 414p.: ill.
350 ## -
-- 0.00
650 ## - SUBJECT ADDED ENTRY--TOPICAL TERM
Topical term or geographic name entry element PEDIATRIC NURSING--PRINCIPLES AND APPLICATIONS
650 ## - SUBJECT ADDED ENTRY--TOPICAL TERM
Topical term or geographic name entry element PEDIATRIC NURSING
700 ## - ADDED ENTRY--PERSONAL NAME
Personal name Davies, Ruth
995 ## -
-- MEDICAL LIBRARY OPEN ACCESS
-- 901790
-- CBU-SCHOOL OF MEDICINE LIBRARY (Ndola)
-- 0.00
-- RJ 245 Chi
-- 1
-- AVAILABLE
-- Jun 13, 2012
-- 901790
-- Medical Library Open Access Collection
999 ## -
-- 30966
-- 30966
Holdings
Withdrawn status Lost status Source of classification or shelving scheme Damaged status Not for loan Permanent Location Current Location Shelving location Date acquired Total Checkouts Full call number Barcode Date last seen Price effective from Koha item type
          CBU-SCHOOL OF MEDICINE LIBRARY, NDOLA. CBU-SCHOOL OF MEDICINE LIBRARY, NDOLA.   11/30/2022   RJ 245 Chi 901790 11/30/2022 11/30/2022 MONOGRAPH